| 000 | 00526nam a22001817a 4500 | ||
|---|---|---|---|
| 003 | CEME | ||
| 005 | 20210628203701.0 | ||
| 008 | 210318b xxu||||| |||| 00| 0 eng d | ||
| 020 | _a0-12-194480-8 | ||
| 040 | _c. | ||
| 082 | _a004.68 CON'L | ||
| 100 |
_a Connor, Deni , Anderson, Mark _966831 |
||
| 245 | _aLan survival , a guerrilla guide to netware | ||
| 260 |
_aUSA _bAP PROFESSIONAL _c1994 |
||
| 300 | _aXIX,410 P | ||
| 650 |
_aNETWARE (FOMPUTER FILE), LOCAL AREA NETWORKS COMPUTER NETWORKS _966832 |
||
| 942 |
_cBK _2ddc |
||
| 999 |
_c574721 _d574721 |
||